Statistics for Every Star Wars Movie and Show

Click here to take the quiz!

General Stats

  • This quiz has been taken 31 times
    (11 since last reset)
  • The average score is 16 of 21

Answer Stats

TypeYearAnswer% Correct
Movie1980Star Wars: The Empire Strikes Back
100%
Show2019-2023Star Wars: The Mandalorian
100%
Movie2018Solo: A Star Wars Story
91%
Movie1977Star Wars: A New Hope
91%
Movie2002Star Wars: Attack of the Clones
91%
Movie1983Star Wars: Return of the Jedi
91%
Show2008-2014Star Wars: The Clone Wars
91%
Movie2015Star Wars: The Force Awakens
91%
Movie2017Star Wars: The Last Jedi
91%
Movie1999Star Wars: The Phantom Menace
91%
Movie2016Rogue One: A Star Wars Story
82%
Movie2005Star Wars: Revenge of the Sith
82%
Show2021Star Wars: The Book of Boba Fett
82%
Movie2019Star Wars: The Rise of Skywalker
82%
Show2022Star Wars: Obi-Wan Kenobi
73%
Show2015-2018Star Wars: Rebels
73%
Show2018-2019Star Wars: Resistance
64%
Show2021-2023Star Wars: The Bad Batch
55%
Show2022Star Wars: Andor
45%
Show2022Star Wars: Tales of the Jedi
27%
Movie2008Star Wars: The Clone Wars
27%

Score Distribution

Percentile by Number Answered

Percent of People with Each Score

Your Score History

You have not taken this quiz since the last reset